[Rezension von: Schmid, Barbara, Schreiben für Status und Herrschaft, deutsche Autobiographik in Spätmittelalter und früher Neuzeit, Zürich, Chronos, 2006]

Saved in:
Bibliographic Details
Published in:Sehepunkte 7(2007), 2
Main Author: Schmolinsky, Sabine (Author)
Other Authors: Schmid, Barbara (rezensierte Person)
Document Type: Online Resource Article
Language:German
Published: 2007
Subjects:
Online Access:Volltext
Related Items:In: Sehepunkte
Rezension von: Schreiben für Status und Herrschaft
Author Notes:Sabine Schmolinsky
LEADER 01675caa a2200349 c 4500
001 586096329
003 DE-627
005 20220704133312.0
007 cr uuu---uuuuu
008 081201s2007 xx |||||oo 00| ||ger c
035 |a (DE-627)586096329 
035 |a (DE-576)9586096327 
035 |a (DE-599)GBV586096329 
040 |a DE-627  |b ger  |c DE-627  |e rakwb 
041 |a ger 
100 1 |a Schmolinsky, Sabine  |d 1955-  |0 (DE-588)113013388  |0 (DE-627)587537450  |0 (DE-576)168746867  |4 aut 
245 1 0 |a [Rezension von: Schmid, Barbara, Schreiben für Status und Herrschaft, deutsche Autobiographik in Spätmittelalter und früher Neuzeit, Zürich, Chronos, 2006]  |c Sabine Schmolinsky 
264 1 |c 2007 
336 |a Text  |b txt  |2 rdacontent 
337 |a Computermedien  |b c  |2 rdamedia 
338 |a Online-Ressource  |b cr  |2 rdacarrier 
655 7 |a Rezension  |0 (DE-588)4049712-4  |0 (DE-627)106186019  |0 (DE-576)209083166  |2 gnd-content 
700 1 |a Schmid, Barbara  |e rezensierte Person  |4 oth 
773 0 8 |i In  |t Sehepunkte  |d München : Ludwig-Maximilians-Univ., 2001  |g 7(2007), 2  |h Online-Ressource  |w (DE-627)33678273X  |w (DE-600)2062440-2  |w (DE-576)117978736  |x 1618-6168  |7 nnas 
773 1 8 |g volume:7  |g year:2007  |g number:2 
787 0 8 |i Rezension von  |a Schmid, Barbara  |t Schreiben für Status und Herrschaft  |d [Zürich] : Chronos Verl., 2006  |h 255 S.  |w (DE-627)50672882X  |w (DE-576)251579158  |z 9783034007658  |z 3034007655 
856 4 0 |u http://www.sehepunkte.de/2007/02/10252.html  |x Verlag  |y Volltext  |3 Volltext  |7 1 
935 |i vzg4007 
951 |a AR 
994 |u https://www.sehepunkte.de/2007/02/10252.html 
991 |a Rezension (Monographie, Zeitschrift, Aufsatz) 
999 |a KXP-PPN586096329  |e 4978403316